Phoenix Suns 2018-19 Roster - Statistics

General Stats
  • This quiz has been taken 110 times
  • The average score is 7 of 19
Answer Stats
Nbr Post Player % Correct
1 SG Devin Booker
99%
22 C DeAndre Ayton
83%
25 SF Mikal Bridges
60%
20 SF Josh Jackson
51%
4 C Tyson Chandler
44%
35 PF Dragan Bender
43%
12 SF TJ Warren
42%
3 SF Trevor Ariza
33%
30 SG Troy Daniels
29%
15 PF Ryan Anderson
28%
2 PG Elie Okobo
27%
14 PG De'Anthony Melton
23%
0 PG Isaiah Canaan
22%
21 PF Richaun Holmes
21%
- Head Coach Igor Kokoskov
16%
8 SF George King
11%
10 PG Shaquille Harrison
10%
32 SG Davon Reed
8%
00 PF Darrell Arthur
3%
No matching quizzes found
Score Distribution
Percent of People with Each Score
Percentile by Number Answered
Your Score History
You have not taken this quiz